Name every Arctic Monkeys song - Statistics

General Stats
  • This quiz has been taken 30 times
    23 since last reset
  • The average score is 44 of 80
Answer Stats
Album Song % Correct
a Knee Socks
88%
a 505
81%
a Brianstorm
81%
a Do I Wanna Know?
81%
a Arabella
75%
a Cornerstone
75%
a Crying Lightning
75%
a Fluorescent Adolescent
75%
a I Bet You Look Good on the Dancefloor
75%
a R U Mine?
75%
a Suck it and See
75%
a Teddy Picker
75%
a When the Sun Goes Down
75%
a Dancing Shoes
69%
a I Wanna Be Yours
69%
a I Want it All
69%
a No. 1 Party Anthem
69%
a Old Yellow Bricks
69%
a One for the Road
69%
a The Car
69%
a Why'd You Only Call Me When You're High?
69%
a Balaclava
63%
a Body Paint
63%
a Brick by Brick
63%
a D is for Dangerous
63%
a Fireside
63%
a From the Ritz to the Rubble
63%
a Mad Sounds
63%
a Mardy Bum
63%
a My Propeller
63%
a Only Ones Who Know
63%
a Pretty Visitors
63%
a Riot Van
63%
a Snap Out of It
63%
a The View From the Afternoon
63%
a Dangerous Animals
56%
a Fake Tales of San Francisco
56%
a Piledriver Waltz
56%
a Potion Approaching
56%
a Secret Door
56%
a The Jeweller's Hand
56%
a This House is a Circus
56%
a A Certain Romance
50%
a Black Treacle
50%
a Dance Little Liar
50%
a Do Me a Favour
50%
a Four Out of Five
50%
a I Ain't Quite Where I Think I Am
50%
a If You Were There, Beware
50%
a Perhaps Vampires is a Bit Strong But...
50%
a Sculptures of Anything Goes
50%
a Star Treatment
50%
a There'd Better Be A Mirrorball
50%
a Tranquility Base Hotel & Casino
50%
a American Sports
44%
a Don't Sit Down 'Cause I've Moved Your Chair
44%
a Fire and the Thud
44%
a Library Pictures
44%
a Mr Schwartz
44%
a One Point Perspective
44%
a Red Light Indicates Doors are Secured
44%
a Science Fiction
44%
a That's Where You're Wrong
44%
a The Hellcat Spangled Shalalala
44%
a The Ultracheese
44%
a Big Ideas
38%
a Hello You
38%
a Perfect Sense
38%
a Reckless Serenade
38%
a She's Thunderstorms
38%
a Still Take You Home
38%
a The World's First Ever Monster Truck Front Flip
38%
a All My Own Stunts
31%
a Batphone
31%
a Love is a Lazerquest
31%
a She Looks Like Fun
31%
a The Bad Thing
31%
a Golden Trunks
25%
a You Probably Couldn't See For the Light But You Were Staring Straight at Me
19%
a Jet Skies on the Moat
13%
No matching quizzes found
Score Distribution
Percent of People with Each Score
Percentile by Number Answered
Your Score History
You have not taken this quiz since the last reset